El Salvador: Plataforma programática del gobierno democrático revolucionario /

El documento consiste en un folleto informativo acerca del gobierno democrático revolucionario, las medidas a tomar, las tareas y objetivos de la revolución.

Tallennettuna:
Bibliografiset tiedot
Yhteisötekijä: Frente Democrático Revolucionario (El Salvador)
Aineistotyyppi: Teksti
Kieli:Spanish
Julkaistu: San Salvador : 1980
Aiheet:
Tagit: Lisää tagi
Ei tageja, Lisää ensimmäinen tagi!

MARC

LEADER 00000 a a2200000 04500
001 13939
003 cru CIDCACS/IIS
005 20230621105327.0
008 210305e1980 es ||||| |||| 00| 0 spa d
040 |c cru CIDCACS/IIS 
090 |a 04.02.02 F879s 
110 |a Frente Democrático Revolucionario (El Salvador)  
245 |a El Salvador:  |b Plataforma programática del gobierno democrático revolucionario /   |c Frente Democrático Revolucionario (El Salvador)  
260 |a San Salvador :   |c 1980 
300 |a 12 páginas 
520 |a El documento consiste en un folleto informativo acerca del gobierno democrático revolucionario, las medidas a tomar, las tareas y objetivos de la revolución. 
650 |a DEMOCRACIA  
650 |a SISTEMAS POLITICOS  
650 |a GOBIERNO MILITAR  
650 |a FRENTE DEMOCRATICO REVOLUCIONARIO  
650 |a EL SALVADOR  
650 |a CENTROAMERICA  
942 |2 z  |c LI  |h 04.02.02 F879s  |i 15108  |6 040202_F879S_15108 
999 |c 8114  |d 8114